000 00371nam a2200145Ia 4500
008 230917s9999||||xx |||||||||||||| ||und||
040 _e38398
_aMAIN
041 _aEnglish
082 _a954.03 A14D
100 _aAwasthi, D
245 0 _aDawn of modern administration: Thomasonian era 1843-53
260 _aDelhi
_bS Chand
_c1979
300 _aix, 278 p.
942 _cBK
999 _c208215
_d208215